000 00392nam a2200145 4500
001 117918
003 ES-MaACL
007 t|
008 070214s1961 sp r ||||1| spa d
100 1 _aPereña, Luciano.
_990516
245 1 0 _aEn la frontera de la paz /
_cLuciano Pereña.
260 _aMadrid :
_bEuramerica,
_c1961.
300 _a248 p. ;
_c19 cm.
852 _aES-MaACL
_jE-2429
_bR.47706
999 _c117918
_d117918